000 01095cam a2200253 4500
001 ##L131934
008 051219n2005 000 0 eng u
020 _a186081736X
035 _a(Sirsi) u131934
041 0 _aeng
050 0 4 _a691.6 $2 18
100 1 _aGarvin, S.
245 0 0 _aImpact test standards for glass
_bcomparison of BS 6206 and BS EN 12600
260 _aWatford
_bBRE
_c2005
300 _a8p
_bill, tables
_c30cm
490 0 _aBRE Information Paper
_vIP 1/05
520 _aDescribes the results of research carried out to determine the impact energy and forces exerted in static load and displacement tests specified in BS 6206 and its replacement BS EN 12600. The human impact on glass was also measured. Concludes that the introduction of BS EN 12600 should not affect the safety of glass used in buildings as regulated by the Building Regulations.
650 2 4 _aBUILDING REGULATIONS 1991 APPROVED DOCUMENT N (1998 EDITION)
690 _aBUILT ENVIRONMENT-BUILDING STANDARDS
700 1 _aNewman, C.
700 1 _aDillon, P.
700 1 _aKelly, D.
942 _n0
999 _c104909
_d104909